000 01067nam a2200289Ia 4500
001 Para_1077
003 CHAP
008 220125s1996 xx 000 0 und d
010 _a199821
040 _cCHAP
090 _aPA TESIS 1043
100 _aBolaños Gonzalez, D. Mauricio
_913470
245 _aSupervivencia y fecundidad de Acanthoscelides obtectus say (Coleoptera :
_b Bruchidae), para la evaluación de la resistencia de cuatro materiales geneticos de (Phaseolus vulgaris L.), Chapingo, México; 1996 /
_c por D. Mauricio Bolaños Gonzalez
260 _aChapingo, Méx. :
_b El autor
300 _a50 h.
502 _aTesis (Ing. Agr. Esp. en Parasitología Agrícola) -- UACh. Depto. Parasitología
650 _aAcanthoscelides obtectus
_9402
650 _aFrijol
_x plagas
_943415
710 _aUACh. Departamento Parasitología Agrícola
_9164025
901 _aPA TESIS 1043
902 _aA
905 _a0000001996 0000000000 00
910 _a1996
942 _cPARA
942 _cPARA
_d1
999 _c199821
_d199821